00414pab a2200133 454500008004000000100001900040245006500059260000900124300001300133362001100146650005300157650003600210773003400246180718b2010 xxu||||| |||| 00| 0 eng d aGowda, Chandan aAdvance Mysore!: The cultural logic of a developmental state c2010 ap.88-95. a17 Jul aEconomic and social development - India - Mysore aEconomic and social development aEconomic and Political Weekly